000 00280nam a22001217a 4500
008 170621b xxu||||| |||| 00| 0 eng d
041 _aeng
080 _a328
100 _a20
101 _aSHP
245 _aCITIZEN POLITICS IN WESTERN DEMOCRACY
_cDALTON .S
942 _2udc
_cBK
999 _c18463
_d18463